000 00801cam a2200253 i 4500
001 768714001
003 CO-MdBIC
005 20231130154438.0
008 231130t1985 -us||||| |||| 00| 0 eng d
040 _bspa.
_aCO-MdFUSB
_cCO-MdFUSB
_dCO-MdFUSBC
_erda
041 _aeng
082 0 4 _aG 231.7 W4291j
100 1 _aWeiss, Johannes (1863-1914)
245 1 0 _aJesus Proclamation of the Kingdom of God / Johannes Weiss ; Richard Hyde Hiers, David Larrimore Holland. Traductores
_c/
264 1 _aChico, California, USA : Scholars
_bScholars Press,
_c[1985]
264 4 _c©1985
300 _a148 Pag
_c;
336 _atexto
_btxt
_2rdacontent
337 _2rdamedia
_asin mediación
_bn
338 _2rdacarrier
_avolumen
_bnc
650 7 _aReino de Dios
_9219
942 _cBK
945 _ajohan1477
999 _c34486
_d34486